00970aab a2200181 4500001001000000003001000010005001700020008004100037040001900078041000800097100003000105245005400135300007500189520035800264650001700622650004300639773010600682768714001CO-MdFUSB20250804124342.0240419t1994 ag ||||| |||| 00| 0 spa d bspacCO-MdFUSB aspa1 aPadilla, C. Renéeautor aSi la sal pierde su sabor...c/ C. René Padilla aVolumen 13, número 2 (abril - junio, 1994), página: 1 ; 8c; 27 cm aAunque el cristianismo prioriza el conocimiento doctrinal, todavía carece de la claridad que se puede encontrar en las enseñanzas bíblicas. El cristianismo, que no estudia la palabra de Dios y no considera con seriedad los caminos del Señor, se desvía de esto hacia "la religiosidad de los hombres", concepto que dista mucho de ser cristiano. 7aCristianismo 7aTeología pastoral y unidad cristiana0 tIglesia y Misión049402gVolumen 13, número 2 (abril - junio, 1994), página: 1 ; 8qpágina: 1